Country to Population Click Quiz - Statistics

General Stats
  • This quiz has been taken 42,853 times
  • The average score is 13 of 16
Answer Stats
Hint Explanation Answer % Correct
United States 349 mil D. 100+ million
96%
China 1426 mil D. 100+ million
94%
Nauru 12,000 A. under 1 million
90%
United Kingdom 69.8 mil C. 10 to 100 million
90%
Monaco 39,000 A. under 1 million
88%
Norway 5.59 mil B. 1 to 10 million
83%
New Zealand 5.24 mil B. 1 to 10 million
82%
South Korea 51.7 mil C. 10 to 100 million
80%
South Africa 64.2 mil C. 10 to 100 million
78%
Turkey 87.5 mil C. 10 to 100 million
77%
Iceland 394,000 A. under 1 million
72%
Bangladesh 174 mil D. 100+ million
71%
Singapore 5.84 mil B. 1 to 10 million
67%
Mongolia 3.49 mil B. 1 to 10 million
67%
Paraguay 6.95 mil B. 1 to 10 million
66%
Ethiopia 133 mill D. 100+ million
60%
No matching quizzes found
Score Distribution
Percent of People with Each Score
Percentile by Number Answered
Your Score History
You have not taken this quiz